| 000 | 03945nam a2200373 a 4500 | ||
|---|---|---|---|
| 003 | CHAP | ||
| 005 | 20240805095804.0 | ||
| 007 | ta | ||
| 008 | 240119s2022 mx b|||fom||| 001 0 spa d | ||
| 040 | _erda | ||
| 041 |
_aspa _beng |
||
| 100 | 1 |
_9188522 _aMillán Estrada, Valentín |
|
| 245 | 1 | 0 |
_aViabilidad técnica y económica de un empaque al alto vacío de carne de conejo en Villa Guerrero, México / _cValentín Millán Estrada |
| 264 | 1 |
_aChapingo, México : _bEl autor, _c2022 |
|
| 300 |
_a1 recurso en línea (71páginas) : _bmapas, diagramas, tablas |
||
| 336 |
_2rdacontent _atexto _btxt |
||
| 337 |
_2rdamedia _acomputadora _bc |
||
| 338 |
_2rdacarrier _arecurso en línea _bcr |
||
| 502 |
_aTesis _bIA _cAgroindustrias _d2022 _gLIC |
||
| 504 | _aBibliografía: páginas 61-63 | ||
| 520 | 3 | _aLa cunicultura nacional tiene muchos retos por delante para que esta crezca con forme al potencial que tiene en forma de ventajas de producción y nutricionales sobre otras carnes (Res, cerdo, pollo) que son altamente consumidas en México, por lo que es de vital importancia la implementación de tecnologías y procesos de transformación que contribuyan al crecimiento de esta actividad económica. En este contexto, la falta de información, publicidad, estudios, políticas públicas, entre otros factores ha provocado que el sector tenga un crecimiento mínimo en comparación con otras entidades a nivel mundial. Es por esto que la investigación y la creación de proyectos productivos contribuirá a tener más herramientas para el desarrollo del sector. El objetivo de este proyecto fue determinar la viabilidad técnica y económica para la implementación de un empaque al alto vacío de carne de conejo en el Ejido de San Mateo Coapexco, Villa Guerrero, México. Con la investigación realizada permitió determinar que el proyecto es viable técnica y económicamente, además que se logró determinar un plan de distribución y comercialización apto y acorde a las condiciones generales de proyecto. | |
| 520 | 3 | _aNational rabbit farming has many challenges ahead for it to grow according to the potential it has in the form of production and nutritional advantages over other meats (beef, pork, chicken) that are highly consumed in Mexico, which is why it is of vital importance. the implementation of technologies and transformation processes that contribute to the growth of this economic activity. In this context, the lack of information, advertising, studies, public policies, among other factors, has caused the sector to have minimal growth compared to other entities worldwide. This is why research and the creation of productive projects will contribute to having more tools for the development of the sector. The objective of this project was to determine the technical and economic viability for the implementation of high vacuum packaging of rabbit meat in the Ejido de San Mateo Coapexco, Villa Guerrero, Mexico. The research carried out made it possible to determine that the project is technically and economically viable, and it was also possible to determine a suitable distribution and marketing plan in accordance with the general conditions of the project. | |
| 650 | 1 | 4 |
_919141 _aCarne de conejo _xAspectos económicos _2atg |
| 650 | 1 | 3 |
_919146 _aCarne de conejo _xComercialización _2atg |
| 650 | 1 | 3 |
_9188534 _aCarne de conejo _xEnvase al vacío _2atg |
| 650 | 1 | 3 |
_9148598 _aRabbit meat _xEconomical aspects _2atg |
| 650 | 1 | 3 |
_9148598 _aRabbit meat _xCommercialization _2atg |
| 650 | 1 | 3 |
_9148598 _aRabbit meat _xVacuum packaging |
| 700 | 1 |
_9148600 _aMartínez Mosqueda, Francisco _edirector |
|
| 700 | 1 |
_9147918 _aPonce Hernández, Pedro _easesor |
|
| 700 | 1 |
_9147338 _aReyna Izaguirre, Diana América _easesora |
|
| 856 | 4 | 0 |
_uhttp://10.13.5.2/tesis/tl/1311721-5_MILLAN_ESTRADA_VALENTIN.pdf _yDESCARGAR PDF |
| 942 |
_2Clasificación Universidad Autónoma Chapingo _cTD |
||
| 999 |
_c219556 _d219556 |
||